ARRUPE JESUIT UNIVERSITY

CORONAVIRUS -STOP THE SPREAD - CLEAN,DISINFECT,COVER

The Theory Of African literature (Record no. 122212)

MARC details
000 -LEADER
fixed length control field 00701nam a22001817a 4500
008 - FIXED-LENGTH DATA ELEMENTS--GENERAL INFORMATION
fixed length control field 150226b xxu||||| |||| 00| 0 eng d
020 ## - INTERNATIONAL STANDARD BOOK NUMBER
International Standard Book Number 0862325471
050 ## - LIBRARY OF CONGRESS CALL NUMBER
Classification number PR9340.A56
100 ## - MAIN ENTRY--PERSONAL NAME
Personal name Amuta, Chidi
9 (RLIN) 15583
245 ## - TITLE STATEMENT
Title The Theory Of African literature
Remainder of title implications for practical criticism
Statement of responsibility, etc / Chidi Amuta
260 ## - PUBLICATION, DISTRIBUTION, ETC. (IMPRINT)
Place of publication, distribution, etc London
Name of publisher, distributor, etc Zed books
Date of publication, distribution, etc 1989
300 ## - PHYSICAL DESCRIPTION
Extent 206p. ;
Dimensions 22cm.
650 ## - SUBJECT ADDED ENTRY--TOPICAL TERM
Topical term or geographic name as entry element African literature
General subdivision History and criticism
-- Theory
9 (RLIN) 16156
650 ## - SUBJECT ADDED ENTRY--TOPICAL TERM
Topical term or geographic name as entry element Criticism
General subdivision History
Chronological subdivision 20th century
Geographic subdivision Africa
9 (RLIN) 16157
650 ## - SUBJECT ADDED ENTRY--TOPICAL TERM
Topical term or geographic name as entry element Literature and society
General subdivision History and criticism
Geographic subdivision Africa
9 (RLIN) 16158
650 ## - SUBJECT ADDED ENTRY--TOPICAL TERM
Topical term or geographic name as entry element Politics and literature
General subdivision History
Chronological subdivision 20th century
Geographic subdivision Africa
9 (RLIN) 16159
942 ## - ADDED ENTRY ELEMENTS (KOHA)
Source of classification or shelving scheme Library of Congress Classification
Item type Monograph ( Printed materials)
Koha issues (borrowed), all copies 2
Holdings
Withdrawn status Lost status Source of classification or shelving scheme Damaged status Not for loan Collection code Home library Current library Shelving location Date acquired Total Checkouts Full call number Barcode Date last seen Date last borrowed Price effective from Koha item type
    Library of Congress Classification     Main Collection ARRUPE LIBRARY ARRUPE LIBRARY Main Collection 26/02/2015 4 PR9340. A56 46500002842 09/11/2016 02/11/2016 26/02/2015 Monograph ( Printed materials)

 

Arrupe Library. PO Box MP320 Mt Pleasant, Harare, Zimbabwe
263 242 745411|librarian@aju.ac.zw